000 00223nam a22000857a 4500
008 160705b xxu||||| |||| 00| 0 eng d
100 _92098
_a Das, S
245 _aPappu's Problems
260 _aNew Delhi
_bNational Book Trust
_c1998
999 _c1793
_d1793